Adobe photoshop 6.0 for photographers : a professional image editor's guide to the creative use of Photoshop for the Macintosh and PC

Adobe Photoshop 6.0 for Photographers begins with an introduction to working with digital images, providing essential information on everything from scanning devices to color management and output issues. Practical workshops show you how to master the essential techniques, such as optimizing an imag...

Cur síos iomlán

Đã lưu trong:
Sonraí Bibleagrafaíochta
Príomhúdar: Evening, Martin
Formáid: Leabhar
Teanga:Undetermined
Foilsithe: Oxford Focal Press 2001
Ábhair:
Clibeanna: Cuir Clib Leis
Gan Chlibeanna, Bí ar an gcéad duine leis an taifead seo a chlibeáil!
Thư viện lưu trữ: Trung tâm Học liệu Trường Đại học Cần Thơ
LEADER 01242nam a2200217Ia 4500
001 CTU_137830
008 210402s9999 xx 000 0 und d
020 |c 610000 
082 |a 006.6869 
082 |b M379 
100 |a Evening, Martin 
245 0 |a Adobe photoshop 6.0 for photographers : 
245 2 |b a professional image editor's guide to the creative use of Photoshop for the Macintosh and PC 
245 0 |c Martin Evening 
260 |a Oxford 
260 |b Focal Press 
260 |c 2001 
520 |a Adobe Photoshop 6.0 for Photographers begins with an introduction to working with digital images, providing essential information on everything from scanning devices to color management and output issues. Practical workshops show you how to master the essential techniques, such as optimizing an image for prepress, color correction, retouching techniques, layers palette management, toning a black and white image, rendering textures and so on. Each technique is described in step-by-step detail, showing exactly which command to use, whether you're working with a Mac or PC. 
650 |a Computer graphics,Đồ họa máy tính 
904 |i Trọng Hiếu 
980 |a Trung tâm Học liệu Trường Đại học Cần Thơ